• 首页
  • 本馆介绍
  • 公告通知
  • 最新文献
  • 馆藏检索
  • 电子资源
  • 读者导购
  • 参考咨询
  • 我的图书馆
  • 登录
  • 详细信息显示
  • 放入我的书架
  • 预约/预借图书
  • 作者相关作品
  • 分类相关作品
  • 丛书相关作品
  • 出版社相关作品

书目信息

  • 表格格式
  • 工作单格式
  • 卡片格式
题名:
石油化学基础知识
    
 
作者: 马大谋 编
分册:  
出版信息: 北京   石油化学工业出版社  1975
页数: 154页
开本: 19cm
丛书名:
单 册:
中图分类: TE65
科图分类:
主题词: 石油化工--基本知识
电子资源:
ISBN:
000 00570nam0 2200217 45
001 0175003901
005 20060731172758.57
010    @dCNY0.36
100    @a19951017d1975 em y0chiy0121 ea
101 0  @achi
102    @aCN@b110000
105    @ay z 000yy
200 10 @a石油化学基础知识@Ashi you hua xue ji chu zhi shi@f马大谋编
210    @a北京@c石油化学工业出版社@d1975
215    @a154页@d19cm
606    @a石油化工@x基本知识
690    @aTE65@v3
701  0 @a马大谋@Ama da mou@4编
801  2 @aCN@bNLC@c20060731
801  0 @aCN@bTSSF
905    @a10447@dTE65@e5
    
    石油化学基础知识/马大谋编.-北京:石油化学工业出版社,1975
    154页;19cm
    
    
    ISBN :CNY0.36
    
●
相关链接 在E读中查询图书 在五车中查询图书 在当当中查询图书 在豆瓣中查询图书


正题名:石油化学基础知识     索取号:TE65/5         预约/预借

序号 登录号 条形码 馆藏地/架位号 状态 备注
1 0017890   001361779   第二样本阅览室/ [索取号:TE65/5] 在馆    
2 0439224   204392246   密集书库/ [索取号:TE65/5] 在馆    
唐山师范学院图书馆 欢迎您!
大连网信软件有限公司© 版权所有